Advanced Microprocessor (Record no. 1513)

MARC details
000 -LEADER
Fixed length control field 00386nam a2200157 4500
003 - CONTROL NUMBER IDENTIFIER
Control field SEACOMEC
005 - DATE AND TIME OF LATEST TRANSACTION
Control field 20240802130535.0
008 - FIXED-LENGTH DATA ELEMENTS--GENERAL INFORMATION
Fixed length control field 240802b |||||||| |||| 00| 0 eng d
020 ## - INTERNATIONAL STANDARD BOOK NUMBER / ISBN
Price 215.00
040 ## - CATALOGING SOURCE
Original cataloging agency SEACOMEC
082 ## - DEWEY DECIMAL CLASSIFICATION NUMBER
Classification number 004.6
Book Number H281
100 ## - MAIN ENTRY--PERSONAL NAME
Personal name Hari Prasad, S.A.
245 ## - TITLE STATEMENT
Title Advanced Microprocessor
Statement of responsibility S.A. Hari Prasad,
260 ## - IMPRINT
Place of publication Chennai
Name of publisher Scitech
Date of publication 2005
942 ## - ADDED ENTRY ELEMENTS (KOHA)
Koha item type Books
Holdings
Withdrawn status Lost status Source of classification Damaged status Not for loan Home library Current library Date acquired Total Checkouts Call number Accession number Date last seen Price effective from Koha item type
    Dewey Decimal Classification     SEACOM ENGINEERING COLLEGE SEACOM ENGINEERING COLLEGE 17/03/2007   004.6 H281 6408 02/08/2024 02/08/2024 Books
© Seacom Engineering College, All rights reserved.      Powered by Koha